000 01002nam a2200265Ia 4500
003 OSt
005 20221005110447.0
006 a|||||r|||| 00| 0
007 ta
008 221004b |||||||| |||| 00| 0 hin d
020 _a8188125156 (hbk)
_c300
024 _a109795
037 _b12956, 18/03/2011, Kitab Ghar
_cTextual
040 _aCRL
_cCRL
_bhin
041 _2hin
_ahin
082 _aY6:7:7, 152Q0
100 _aमिश्र, विनोद कुमार
245 0 _aविकलांगता समस्याएॅं व समाधान
246 _aVikalāangatā samasyāeॅan v samādhāna
260 _aनई दिल्ली
_bजगतराम एण्ड सन्स भारत
_c2010
300 _a295पृ0
_ccm.
650 _aभारतीय-लोक साहित्य
942 _hY6:7:7, 152Q0
_cTEXL
_2cc
999 _c1018887
_d1018887